000 00304nam a22001337a 4500
008 170525b xxu||||| |||| 00| 0 eng d
020 _a9780073655789
041 _aeng
080 _25 ED
_a681.3
100 _a26
101 _aIM
245 _aSOFT WARE ENGINEERING
_cPRESSMAN.R.S
942 _2udc
_cBK
999 _c14205
_d14205